Statistics for Most Viewed / Liked / Disliked Videos on Youtube

Click here to take the quiz!

General Stats

  • This quiz has been taken 76 times
    (17 since last reset)
  • The average score is 23 of 30

Answer Stats

# Song Artist % Correct
5,840 mDespacitoLuis Fonsi
100%
3,260 mGangnam StylePsy
100%
3,060 mSorryJustin Bieber
100%
3,980 mShape of YouEd Sheeran
100%
3,930 mSee You AgainWiz Khalifa
93%
2,710 mShake It OffTaylor Swift
86%
2,700 mRoarKaty Perry
86%
2,840 mSugarMaroon 5
79%
13.9 mHelloAdele
79%
4.1 mIt's Everyday BroJake Paul
71%
3,400 mUptown FunkMark Ronson
71%
3.4 mFridayRebecca Black
71%
14.2 mFadedAlan Walker
64%
2,660 mBailandoEnrique Iglesias
57%
11.4 mMi GenteJ Balvin / Willy William
43%
2.1 mSweatshirtJacob Sartorius
43%
2.9 mHow It Is (Was Bap ...)BibisBeautyPalace
29%
1.8 mBaby Shark DancePinkfong
7%
1.7 mPokemon Go SongMishovy ҆√≠lenosti
7%

Score Distribution

Percentile by Number Answered

Percent of People with Each Score

Your Score History

You have not taken this quiz since the last reset